000 00427nam a2200181Ia 4500
001 24043
005 20260414151017.0
008 260414t2001||||xx |||||||||||||| ||spa||
041 _aESP
082 _a759
_bD234
100 _aDeimling, Barbara
_eAUT
245 0 _aSandro Botticelli :
_b1444/45-1510
260 _c2001
300 _a81 páginas :
_c23 cm.
650 _aABD
654 _aCAU
942 _cLIB
_dJUS
_fJUS
_2ddc
_n
999 _c24043
_d24043